[Event "EU-Cup 38th"]
[Site "Durres"]
[Date "2023.10.04"]
[Round "4.3"]
[White "Geske, Julian"]
[Black "Gagunashvili, Merab"]
[Result "0-1"]
[WhiteElo "2390"]
[BlackElo "2550"]
[PlyCount "66"]
[EventDate "2023.10.01"]
[EventType "team-swiss"]
[EventRounds "7"]
[EventCountry "ALB"]
[SourceTitle "EXT 2024"]
[Source "ChessBase"]
[SourceDate "2023.10.10"]
[SourceVersion "1"]
[SourceVersionDate "2023.10.10"]
[SourceQuality "1"]
[WhiteTeam "Bonnevoie Gambit"]
[BlackTeam "Zmaj"]
[WhiteTeamCountry "LUX"]
[BlackTeamCountry "SRB"]

1. e4 c5 2. Nf3 e6 3. Nc3 a6 4. d4 cxd4 5. Nxd4 b5 6. Bd3 Bb7 7. 0-0 b4 8. Nce2 Qc7 9. Ng3 Nf6 10. Re1 Bc5 11. c3 bxc3 12. bxc3 Nc6 13. Nb3 Bd6 14. c4 h5 15. Bb2 h4 16. Nf1 h3 17. g3 Be5 18. Ba3 Bxa1 19. Qxa1 Ne5 20. Qd1 d6 21. Qe2 0-0 22. Nfd2 Rfe8 23. Bb2 d5 24. Bxe5 Qxe5 25. Na5 Rab8 26. Nf3 Qc7 27. Nxb7 dxe4 28. Bxe4 Nxe4 29. Qxe4 Qxb7 30. Qg4 Red8 31. Nh4 Qb1 32. Rf1 Qxa2 33. Qxh3 Qxc4 0-1

[Event "La Palma Island op"]
[Site "Santa Cruz de La Palma"]
[Date "2022.08.11"]
[Round "8"]
[White "Geske, Julian"]
[Black "Kurajica, Bojan"]
[Result "1/2-1/2"]
[WhiteElo "2382"]
[BlackElo "2497"]
[PlyCount "66"]
[EventDate "2022.08.06"]
[EventType "swiss"]
[EventRounds "9"]
[EventCountry "ESP"]
[SourceTitle "CBM 209 Extra"]
[Source "ChessBase"]
[SourceDate "2022.09.30"]
[SourceVersion "1"]
[SourceVersionDate "2022.09.30"]
[SourceQuality "1"]

1. e4 c5 2. Nf3 e6 3. Nc3 a6 4. d4 cxd4 5. Nxd4 Qc7 6. g3 h5 7. Bg2 h4 8. 0-0 hxg3 9. hxg3 Bc5 10. Bf4 d6 11. Nb3 e5 12. Nd5 Qd8 13. Bxe5 Bxf2+ 14. Rxf2 dxe5 15. Qf3 Be6 16. Nc5 Bxd5 17. exd5 Nf6 18. Nxb7 Qb6 19. Qb3 Qa7 20. Nd6+ Kf8 21. Nc8 Qc5 22. d6 Qxc8 23. Bxa8 Nbd7 24. Qb7 Qe8 25. Re1 Ng4 26. Rf3 g6 27. Qa7 Qe6 28. Bc6 Ngf6 29. Bxd7 Nxd7 30. Ref1 f6 31. Rc3 Kg7 32. Rc7 Rh1+ 33. Kxh1 Qh3+ 1/2-1/2

[Event "La Palma Island op"]
[Site "Santa Cruz de La Palma"]
[Date "2022.08.07"]
[Round "3"]
[White "Cubas Cabrera, Angel Luis"]
[Black "Geske, Julian"]
[Result "1/2-1/2"]
[WhiteElo "2207"]
[BlackElo "2382"]
[PlyCount "63"]
[EventDate "2022.08.06"]
[EventType "swiss"]
[EventRounds "9"]
[EventCountry "ESP"]
[SourceTitle "CBM 209 Extra"]
[Source "ChessBase"]
[SourceDate "2022.09.30"]
[SourceVersion "1"]
[SourceVersionDate "2022.09.30"]
[SourceQuality "1"]

1. d4 d5 2. Nf3 Nf6 3. c4 c6 4. e3 Bf5 5. Nc3 e6 6. Be2 h6 7. 0-0 Be7 8. b3 0-0 9. Bb2 Nbd7 10. Qc1 Qa5 11. a3 Rac8 12. b4 Qc7 13. Qd1 Ne4 14. Nxe4 Bxe4 15. Rc1 Qb8 16. Qb3 Bd6 17. h3 dxc4 18. Qxc4 Rfe8 19. Rfd1 Rcd8 20. Nd2 Bg6 21. Qb3 e5 22. Nc4 Bc7 23. dxe5 Nxe5 24. Nxe5 Bxe5 25. Bxe5 Qxe5 26. Bf3 Bf5 27. Qa4 a6 28. Rxd8 Rxd8 29. Rd1 Qc7 30. Rd4 Rxd4 31. exd4 Be6 32. Qd1 1/2-1/2

[Event "La Palma Island op"]
[Site "Santa Cruz de La Palma"]
[Date "2022.08.06"]
[Round "1"]
[White "Hernandez Gutierrez, Jose"]
[Black "Geske, Julian"]
[Result "0-1"]
[WhiteElo "1751"]
[BlackElo "2382"]
[PlyCount "75"]
[EventDate "2022.08.06"]
[EventType "swiss"]
[EventRounds "9"]
[EventCountry "ESP"]
[SourceTitle "CBM 209 Extra"]
[Source "ChessBase"]
[SourceDate "2022.09.30"]
[SourceVersion "1"]
[SourceVersionDate "2022.09.30"]
[SourceQuality "1"]

1. d4 Nf6 2. c4 c5 3. d5 e6 4. Nc3 exd5 5. cxd5 d6 6. g3 g6 7. Bg2 Bg7 8. Nf3 0-0 9. 0-0 Nbd7 10. e4 Re8 11. Nd2 Ne5 12. Qe2 Nh5 13. Nc4 f5 14. Nxe5 Bxe5 15. Bf3 Nf6 16. Bg5 Qa5 17. Bxf6 Bxf6 18. Qc2 Bd7 19. a4 Re7 20. Bg2 Rae8 21. f3 Qb4 22. Kh1 a6 23. Bh3 Qc4 24. Rf2 Bg7 25. Bf1 Qb4 26. Bd3 c4 27. Bf1 Qc5 28. Bg2 b5 29. axb5 axb5 30. Ra6 b4 31. Nd1 c3 32. bxc3 bxc3 33. Qa2 Rc8 34. Rc2 fxe4 35. fxe4 Qd4 36. Nf2 Rf7 37. Kg1 Rxf2 38. Kh1 0-1

[Event "Oberliga Ost-B 2122"]
[Site "Germany"]
[Date "2022.03.05"]
[Round "8.1"]
[White "Sadeghi, Behrang"]
[Black "Geske, Julian"]
[Result "0-1"]
[WhiteElo "2256"]
[BlackElo "2374"]
[PlyCount "80"]
[EventDate "2021.10.10"]
[EventType "team-tourn"]
[EventRounds "11"]
[EventCountry "GER"]
[SourceTitle "EXT 2023"]
[Source "ChessBase"]
[SourceDate "2022.10.05"]
[SourceVersion "1"]
[SourceVersionDate "2022.10.05"]
[SourceQuality "1"]
[WhiteTeam "Bad Homburg"]
[BlackTeam "Wiesbaden"]
[WhiteTeamCountry "GER"]
[BlackTeamCountry "GER"]

1. e4 e5 2. Nf3 Nc6 3. Bb5 a6 4. Ba4 Nf6 5. d3 d6 6. c3 g6 7. 0-0 Bg7 8. Re1 0-0 9. Nbd2 b5 10. Bc2 Re8 11. a4 Bb7 12. d4 Nb8 13. axb5 axb5 14. Rxa8 Bxa8 15. dxe5 dxe5 16. Qe2 c6 17. Nb3 Nbd7 18. Rd1 Qc7 19. h3 Bf8 20. Re1 Rb8 21. Nbd2 c5 22. b3 Bc6 23. Bb2 Nh5 24. g3 Ng7 25. Nf1 Ne6 26. Ne3 Nf6 27. Nd5 Nxd5 28. exd5 Bxd5 29. Nxe5 c4 30. b4 Bg7 31. f4 Ba8 32. Kh2 Re8 33. Qf2 Ng5 34. fxg5 Rxe5 35. Rf1 Qe7 36. Bd1 Rxg5 37. Bg4 h5 38. Bd1 Rf5 39. Qg1 Rxf1 40. Qxf1 h4 0-1

[Event "Oberliga Ost-B 1920"]
[Site "Germany"]
[Date "2019.09.29"]
[Round "1.2"]
[White "Nothnagel, Marian Can"]
[Black "Geske, Julian"]
[Result "1/2-1/2"]
[WhiteElo "2363"]
[BlackElo "2376"]
[PlyCount "24"]
[EventDate "2019.09.29"]
[EventType "team-tourn"]
[EventRounds "11"]
[EventCountry "GER"]
[SourceTitle "EXT 2021"]
[Source "ChessBase"]
[SourceDate "2020.10.23"]
[SourceVersion "1"]
[SourceVersionDate "2020.10.23"]
[SourceQuality "1"]
[WhiteTeam "Griesheim"]
[BlackTeam "Wiesbaden"]
[WhiteTeamCountry "GER"]
[BlackTeamCountry "GER"]

1. e4 e5 2. Nf3 Nc6 3. Bc4 Nf6 4. d3 Be7 5. 0-0 0-0 6. Re1 d6 7. a4 Na5 8. Ba2 c5 9. c3 Qc7 10. Na3 a6 11. Bd2 Bd7 12. Rc1 b5 1/2-1/2

[Event "Oberliga Ost-B 1819"]
[Site "Germany"]
[Date "2019.02.03"]
[Round "7.3"]
[White "Geske, Julian"]
[Black "Schneider, Christian1111"]
[Result "1-0"]
[WhiteElo "2378"]
[BlackElo "2205"]
[PlyCount "99"]
[EventDate "2018.10.21"]
[EventType "team-tourn"]
[EventRounds "11"]
[EventCountry "GER"]
[SourceTitle "EXT 2020"]
[Source "ChessBase"]
[SourceDate "2019.10.17"]
[SourceVersion "1"]
[SourceVersionDate "2019.10.17"]
[SourceQuality "1"]
[WhiteTeam "Wiesbaden"]
[BlackTeam "Stadtilm Blau Weiss"]
[WhiteTeamCountry "GER"]
[BlackTeamCountry "GER"]

1. e4 c6 2. d4 d5 3. Nd2 dxe4 4. Nxe4 Nd7 5. Ng5 Ngf6 6. Bd3 e6 7. N1f3 Bd6 8. Qe2 h6 9. Ne4 Nxe4 10. Qxe4 Nf6 11. Qe2 Qc7 12. Bd2 b6 13. Ne5 Bb7 14. f4 0-0-0 15. 0-0-0 Kb8 16. Rhf1 c5 17. dxc5 Bxc5 18. g3 h5 19. f5 Ka8 20. fxe6 fxe6 21. Ng6 Rhe8 22. Bb5 Bc6 23. Bf4 Bxb5 24. Qxb5 Qb7 25. Ne5 Nd5 26. Bg5 Be3+ 27. Bxe3 Nxe3 28. Rxd8+ Rxd8 29. Re1 Qg2 30. Qc6+ Qxc6 31. Nxc6 Rc8 32. Nd4 e5 33. Rxe3 exd4 34. Rd3 Rf8 35. Rxd4 Rf1+ 36. Rd1 Rf2 37. h4 Kb8 38. Rd7 g6 39. Rd6 g5 40. hxg5 Rf5 41. Rg6 Rf3 42. Rh6 Rxg3 43. Rxh5 Rg2 44. b3 Kb7 45. Rh7+ Ka6 46. Rg7 b5 47. a3 Kb6 48. Rg8 a6 49. g6 Kb7 50. g7 1-0

[Event "Oberliga Ost-B 1819"]
[Site "Germany"]
[Date "2018.12.16"]
[Round "5.2"]
[White "Geske, Julian"]
[Black "Wehner, Janis"]
[Result "1-0"]
[WhiteElo "2378"]
[BlackElo "2164"]
[PlyCount "69"]
[EventDate "2018.10.21"]
[EventType "team-tourn"]
[EventRounds "11"]
[EventCountry "GER"]
[SourceTitle "EXT 2020"]
[Source "ChessBase"]
[SourceDate "2019.10.17"]
[SourceVersion "1"]
[SourceVersionDate "2019.10.17"]
[SourceQuality "1"]
[WhiteTeam "Wiesbaden"]
[BlackTeam "Erfurt Medizin"]
[WhiteTeamCountry "GER"]
[BlackTeamCountry "GER"]

1. d4 Nf6 2. c4 g6 3. Nc3 Bg7 4. e4 d6 5. f3 0-0 6. Be3 c5 7. dxc5 dxc5 8. Qxd8 Rxd8 9. Bxc5 Nc6 10. Nge2 Nd7 11. Be3 Nde5 12. Nf4 Na5 13. Ncd5 Nexc4 14. Bc5 e6 15. Nc7 Bxb2 16. Rd1 Rxd1+ 17. Kxd1 b6 18. Nxa8 bxc5 19. Bxc4 Nxc4 20. Nd3 Ba3 21. Nc7 Bd7 22. Na6 Ne3+ 23. Kd2 Nxg2 24. Naxc5 Bc6 25. Rb1 Nf4 26. Ne5 Bxc5 27. Nxc6 h5 28. a4 f5 29. a5 g5 30. Rb8+ Kg7 31. exf5 exf5 32. Nxa7 g4 33. fxg4 fxg4 34. Nc6 h4 35. Rb5 1-0

[Event "Oberliga Ost-B 1819"]
[Site "Germany"]
[Date "2018.12.15"]
[Round "4.2"]
[White "Alber, Horst"]
[Black "Geske, Julian"]
[Result "0-1"]
[WhiteElo "2284"]
[BlackElo "2378"]
[PlyCount "62"]
[EventDate "2018.10.21"]
[EventType "team-tourn"]
[EventRounds "11"]
[EventCountry "GER"]
[SourceTitle "EXT 2020"]
[Source "ChessBase"]
[SourceDate "2019.10.17"]
[SourceVersion "1"]
[SourceVersionDate "2019.10.17"]
[SourceQuality "1"]
[WhiteTeam "Marburg"]
[BlackTeam "Wiesbaden"]
[WhiteTeamCountry "GER"]
[BlackTeamCountry "GER"]

1. d4 Nf6 2. c4 g6 3. Nc3 Bg7 4. e4 0-0 5. Nf3 d6 6. Be2 e5 7. 0-0 exd4 8. Nxd4 Re8 9. f3 c6 10. Nc2 Na6 11. Kh1 Nc7 12. Bf4 d5 13. exd5 cxd5 14. c5 Ne6 15. Bd6 d4 16. Ne4 Bf8 17. Bxf8 Rxf8 18. Nb4 Nxe4 19. fxe4 Nxc5 20. Nd5 Nxe4 21. Qxd4 f5 22. Bc4 Be6 23. Rad1 Rc8 24. Qe5 Re8 25. Nc7 Nf2+ 26. Kg1 Nxd1 27. Bxe6+ Rxe6 28. Qxe6+ Kf8 29. Nd5 Nxb2 30. g4 Nd3 31. Kh1 Rc6 0-1

[Event "Oberliga Ost-B 1819"]
[Site "Germany"]
[Date "2018.10.21"]
[Round "1.2"]
[White "Geske, Julian"]
[Black "Wege, Jochen"]
[Result "1-0"]
[WhiteElo "2378"]
[BlackElo "2296"]
[PlyCount "79"]
[EventDate "2018.10.21"]
[EventType "team-tourn"]
[EventRounds "11"]
[EventCountry "GER"]
[SourceTitle "EXT 2020"]
[Source "ChessBase"]
[SourceDate "2019.10.17"]
[SourceVersion "1"]
[SourceVersionDate "2019.10.17"]
[SourceQuality "1"]
[WhiteTeam "Wiesbaden"]
[BlackTeam "Nied Koenig"]
[WhiteTeamCountry "GER"]
[BlackTeamCountry "GER"]

1. e4 e6 2. d4 d5 3. e5 c5 4. c3 Qb6 5. Nf3 Nc6 6. a3 Nh6 7. b4 cxd4 8. Bxh6 gxh6 9. cxd4 Bd7 10. Ra2 Rc8 11. Be2 Bg7 12. 0-0 0-0 13. Qd2 Ne7 14. Nc3 Rc7 15. Rc2 a6 16. Rfc1 Rfc8 17. Bd3 Ng6 18. h4 Bb5 19. Nxb5 Rxc2 20. Rxc2 Rxc2 21. Qxc2 axb5 22. h5 Nf8 23. Qc5 Qa6 24. Bxb5 Qxa3 25. Be8 b6 26. Qxb6 Qc1+ 27. Kh2 Qf4+ 28. Kh1 f6 29. Qc7 fxe5 30. b5 Qf5 31. dxe5 d4 32. b6 d3 33. b7 d2 34. Nxd2 Bxe5 35. b8Q Bxc7 36. Qxc7 e5 37. Nf3 e4 38. Qg3+ Kh8 39. Ne5 Qc8 40. Nf7# 1-0

[Event "Oberliga Ost-B 1617"]
[Site "Germany"]
[Date "2017.05.06"]
[Round "10.2"]
[White "Nguyen, Huy Dat"]
[Black "Geske, Julian"]
[Result "0-1"]
[WhiteElo "2174"]
[BlackElo "2399"]
[PlyCount "68"]
[EventDate "2016.10.16"]
[EventType "team-tourn"]
[EventRounds "11"]
[EventCountry "GER"]
[SourceTitle "EXT 2018"]
[Source "ChessBase"]
[SourceDate "2017.10.13"]
[SourceVersion "1"]
[SourceVersionDate "2017.10.13"]
[SourceQuality "1"]
[WhiteTeam "Erfurt Medizin"]
[BlackTeam "Wiesbaden"]
[WhiteTeamCountry "GER"]
[BlackTeamCountry "GER"]

1. e4 d5 2. exd5 Qxd5 3. Nc3 Qa5 4. d4 Nf6 5. Bc4 Bg4 6. Nge2 Nc6 7. f3 Bf5 8. Bd2 0-0-0 9. Nd5 Qa4 10. Bb3 Qa6 11. Ne3 Bg6 12. d5 Na5 13. 0-0 e6 14. Qe1 Nxb3 15. axb3 Qb6 16. Kh1 exd5 17. Nc3 a6 18. Na4 Qc6 19. Qh4 b5 20. c4 bxa4 21. cxd5 Nxd5 22. Rfc1 Qb7 23. Ba5 Bd6 24. Nxd5 Qxd5 25. Qxa4 Bd3 26. Qg4+ Kb8 27. Qxg7 Rhg8 28. Qc3 Qe5 29. g3 Qxc3 30. bxc3 Rde8 31. Re1 Rxe1+ 32. Rxe1 Rg5 33. Re3 Bc2 34. b4 Re5 0-1

[Event "Oberliga Ost-B 1516"]
[Site "Germany"]
[Date "2016.04.09"]
[Round "10.1"]
[White "Donchenko, Anatoly G"]
[Black "Geske, Julian"]
[Result "1/2-1/2"]
[WhiteElo "2326"]
[BlackElo "2398"]
[PlyCount "31"]
[EventDate "2015.09.20"]
[EventType "team-tourn"]
[EventRounds "11"]
[EventCountry "GER"]
[SourceTitle "EXT 2017"]
[Source "ChessBase"]
[SourceDate "2016.10.25"]
[SourceVersion "1"]
[SourceVersionDate "2016.10.25"]
[SourceQuality "1"]
[WhiteTeam "Giessen"]
[BlackTeam "Wiesbaden"]
[WhiteTeamCountry "GER"]
[BlackTeamCountry "GER"]

1. c4 Nf6 2. Nc3 e5 3. g3 d5 4. cxd5 Nxd5 5. Bg2 Nb6 6. d3 Be7 7. Be3 0-0 8. Rc1 Nc6 9. Nf3 Be6 10. a3 f6 11. 0-0 Nd4 12. Bxd4 exd4 13. Na4 Bd5 14. Nc5 Bxc5 15. Rxc5 Re8 16. Re1 1/2-1/2